[Event "FICGS rapid B 000182 email"]
[Site "FICGS email"]
[Date "2011.06.18"]
[Round "1"]
[White "Sacha, Hendrik"]
[Black "Wilson, Norman C"]
[Result "0-1"]
[WhiteElo "1800"]
[BlackElo "1721"]
[PlyCount "36"]
[EventDate "2011.??.??"]
[EventType "tourn (rapid)"]
[EventRounds "1"]
[SourceTitle "Corr 2013"]
[Source "ChessBase"]
[SourceDate "2012.11.12"]
[SourceVersion "1"]
[SourceVersionDate "2012.11.12"]
[SourceQuality "1"]

1. e4 e6 2. Nf3 d5 3. exd5 exd5 4. d4 Nf6 5. Bb5+ c6 6. Bd3 Bd6 7. 0-0 0-0 8. Re1 h6 9. Nc3 Be6 10. Ne5 Nbd7 11. Bf4 Bc7 12. Qf3 Nxe5 13. dxe5 Nd7 14. h3 Qh4 15. Rad1 Rae8 16. Bf1 Bf5 17. Bg3 Qg5 18. e6 Bxg3 0-1

[Event "FICGS class C 000177 email"]
[Site "FICGS email"]
[Date "2011.06.04"]
[Round "1"]
[White "Dyson, John"]
[Black "Sacha, Hendrik"]
[Result "1-0"]
[WhiteElo "1762"]
[BlackElo "1800"]
[PlyCount "45"]
[EventDate "2011.??.??"]
[EventType "tourn (corr)"]
[EventRounds "6"]
[SourceTitle "Corr 2013"]
[Source "ChessBase"]
[SourceDate "2012.11.12"]
[SourceVersion "1"]
[SourceVersionDate "2012.11.12"]
[SourceQuality "1"]

1. c4 Nf6 2. g3 Nc6 3. Bg2 e5 4. Nc3 Bb4 5. Nd5 Bc5 6. e3 d6 7. Ne2 0-0 8. 0-0 a6 9. b3 Bg4 10. h3 Bf5 11. d4 Ba7 12. Bb2 Re8 13. dxe5 Nxd5 14. cxd5 Nxe5 15. Bd4 h5 16. Bxa7 Rxa7 17. Rc1 Qd7 18. Nd4 Bd3 19. Re1 Bg6 20. Rc3 c5 21. dxc6 bxc6 22. Nxc6 Rc7 23. Qd5 1-0